Japão - Statistics

Estatísticas Gerais
  • Esse quiz foi jogado 97 vezes
  • A pontuação média é 8 de 15
Estatísticas das Respostas
Imagem Resposta % Correto
Sumo
96%
Samurai
95%
Sushi
95%
Monte Fuji
91%
Origami
91%
Toyota
85%
Pokémon
84%
Flor de cerejeira
71%
Hokkaido
49%
Quimono
49%
Tokyo Sky Tree
15%
Quioto
8%
Zen
8%
Comboio
4%
Shinto
1%
Nenhum quiz correspondente encontrado
Distribuição das Pontuações
Porcentagem de Pessoas com Cada Pontuação
Percentil de Números Respondidos
Sua Pontuação Histórica
Você não jogou esse quiz